Introduction to Operations Research (Record no. 32490)

000 -LEADER
fixed length control field 00419nam a22001817a 4500
003 - CONTROL NUMBER IDENTIFIER
control field NUST
020 ## - INTERNATIONAL STANDARD BOOK NUMBER
International Standard Book Number 0-07-0600929
038 ## - RECORD CONTENT LICENSOR
Staff Name khadija
082 ## - DEWEY DECIMAL CLASSIFICATION NUMBER
Classification number 658.4034
Author Mark HIL
100 ## - MAIN ENTRY--PERSONAL NAME
Personal name Hillier,Frederick S.
9 (RLIN) 85131
245 ## - TITLE STATEMENT
Title Introduction to Operations Research
250 ## - EDITION STATEMENT
Edition statement 8th
260 ## - PUBLICATION, DISTRIBUTION, ETC.
Place of publication, distribution, etc. New Delhi,
Name of publisher, distributor, etc. Tata McGraw Hill,
Date of publication, distribution, etc. 2005.
300 ## - PHYSICAL DESCRIPTION
Extent 1061p. :
500 ## - GENERAL NOTE
General note Paperback.
563 ## - BINDING INFORMATION
Binding note PB
942 ## - ADDED ENTRY ELEMENTS (KOHA)
Koha item type Book
Source of classification or shelving scheme
Holdings
Withdrawn status Lost status Source of classification or shelving scheme Damaged status Not for loan Permanent Location Current Location Shelving location Date acquired Full call number Barcode Date last seen Price effective from Koha item type
          School of Mechanical & Manufacturing Engineering (SMME) School of Mechanical & Manufacturing Engineering (SMME) General Stacks 09/29/2015 658.4034 HIL SMME-1266 03/28/2018 09/29/2015 Book
© 2023 Central Library, National University of Sciences and Technology. All Rights Reserved.